000 01267nam a22002297a 4500
008 140425b xxu||||| |||| 00| 0 eng d
020 _a1562057499
050 _aQA76.3.C33
100 _aCasad, Joe
245 _aMCSE training guide: networking essentials, /
_cJoe Casad, Dan Newland
246 _aMicrosoft Certified Systems Engineer certification requirements - 4.0 track
260 _aIndianapolis, IN:
_bNew Riders,
_c1997.
300 _axvii, 490 p.:
_bill.;
_e1 CD-ROM [Missing]
500 _aIncludes index.
505 _aContents: Networking terms and concepts -- Networking standards -- Transmission media -- Network topologies and architectures -- Transport protocols -- Connectivity devices -- Connection services -- Managing and securing a Microsoft network -- Disaster recovery -- Network adapter cards -- NetBIOS names -- Monitoring the network -- Troubleshooting -- Appendixes: Overview of certification process -- Study tips -- What's on the CD-ROM -- All about TestPrep --
650 _aComputer networks
650 _aElectronic data processing personnel -- Certification.
650 _aMicrosoft software -- Examinations -- Study guides.
650 _aMicrosoft Windows (Computer file)
700 _aNewland, Dan
942 _2lcc
_cBK
999 _c7433
_d14933